La inspiración y el estilo
Uloženo v:
| Hlavní autor: | |
|---|---|
| Médium: | Kniha |
| Jazyk: | španělština |
| Vydáno: |
Barcelona
Seix Barral
1973
|
| Edice: | Biblioteca Breve
|
| Témata: | |
| Tagy: |
Přidat tag
Žádné tagy, Buďte první, kdo vytvoří štítek k tomuto záznamu!
|
MARC
| LEADER | 00000nam a2200000 a 4500 | ||
|---|---|---|---|
| 001 | UCT6746 | ||
| 003 | CL-VaPUC | ||
| 008 | 970113e19730000SP |||||||||||||||||spa|d | ||
| 082 | 0 | 4 | |a 864 |b BEN |2 21 |
| 100 | 0 | |a Benet, Juan |e author |9 376987 | |
| 245 | 1 | 3 | |a La inspiración y el estilo |
| 300 | |a 180 p | ||
| 942 | |c BK | ||
| 945 | |d 19970113 00:00:00 |a nastorga | ||
| 260 | |a Barcelona |b Seix Barral |c 1973 | ||
| 650 | 0 | |a Ensayos españoles |9 313128 | |
| 650 | 0 | |a Estilo literario |9 316417 | |
| 650 | 7 | |a INSPIRACION |2 CL-VaPUC |9 307248 | |
| 650 | 0 | |a Estética literaria |9 314715 | |
| 650 | 0 | |a Retórica |9 266620 | |
| 583 | |a last modification |c 19970113 00:00:00 |k Rodrigo Vera | ||
| 490 | 0 | |a Biblioteca Breve | |
| 999 | |c 255422 |d 255420 | ||
| 952 | |0 0 |1 0 |4 0 |6 864_000000000000000_BEN_1973 |7 0 |8 A |9 277650 |a BIBEDU |b BIBEDU |d 2019-11-19 |i 327344K |o 864 BEN 1973 |p 327344K |r 2019-11-19 |w 2019-11-19 |y BK |k LIT | ||
| 952 | |0 0 |1 0 |4 0 |6 864_000000000000000_BEN_1973 |7 0 |8 A |9 277651 |a FDOPOS |b FDOPOS |d 2019-11-19 |i 1478184 |o 864 BEN 1973 |p 1478184 |r 2025-01-22 |w 2019-11-19 |y BK |k MLH | ||